[Event "Hibrido del Sur op U2000 6th"]
[Site "Tornelo INT"]
[Date "2022.02.26"]
[Round "4"]
[White "Anton Calderon, Carlos"]
[Black "Matos Parra, Erick David"]
[Result "1-0"]
[WhiteElo "1254"]
[BlackElo "1165"]
[PlyCount "55"]
[EventDate "2022.02.26"]
[EventType "swiss"]
[EventRounds "6"]
[EventCountry "VEN"]
[SourceTitle "EXT 2023"]
[Source "ChessBase"]
[SourceDate "2022.10.05"]
[SourceVersion "1"]
[SourceVersionDate "2022.10.05"]
[SourceQuality "1"]

1. e4 e5 2. Nf3 Nc6 3. d4 exd4 4. Bc4 Bc5 5. 0-0 d6 6. b4 Bxb4 7. Nxd4 Nf6 8. Nxc6 bxc6 9. e5 Ne4 10. exd6 cxd6 11. Bxf7+ Kxf7 12. Qf3+ Nf6 13. Qb3+ Nd5 14. c4 Ba6 15. Rd1 Re8 16. cxd5 Bc5 17. dxc6+ Kf8 18. Nd2 Be2 19. Re1 Qf6 20. Bb2 Qxf2+ 21. Kh1 Re3 22. Qb7 Rg3 23. Rf1 Bxf1 24. Rxf1 Qxf1+ 25. Nxf1 Re8 26. hxg3 Re7 27. c7 Kf7 28. c8Q 1-0